Paroles: Chanson populaire - Statistiques

Statistiques générales
  • Ce quiz a été pris 185 fois
  • Le résultat moyen est 238 sur 358
Statistiques - réponses
Parole % Correct
Et
95%
et
95%
se
93%
va
93%
ce
92%
de
92%
De
92%
Ça
91%
ça
91%
chanson
90%
populaire
90%
comme
89%
Comme
89%
revient
89%
un
89%
s'en
88%
À
87%
à
87%
Dans
87%
dans
87%
Le
87%
le
87%
tout
87%
une
87%
C'est
86%
c'est
86%
chante
86%
La
85%
85%
ma
85%
petit
85%
danse
84%
fait
84%
les
78%
en
77%
retient
75%
vous
74%
"Je
73%
Je
73%
je
73%
riens
73%
tu
72%
Tu
72%
es
70%
68%
68%
des
66%
ne
66%
vie
66%
entre
65%
refrain
65%
sur
65%
sûr
65%
mains
64%
sa
64%
me
63%
te
62%
glisse
60%
Mais
60%
suis
59%
Au
58%
au
58%
puis
58%
S'est
57%
trés
57%
dit
56%
J'ai
56%
moment
56%
pendule
56%
arrêtée
55%
m'as
55%
midi
55%
L'amour
53%
l'entrée
53%
partie
53%
précis
53%
mot
52%
mot...
52%
vais
52%
partir"
51%
Mes
50%
vas
50%
j'en
49%
qui
49%
Qui
49%
amour
48%
Pour
48%
dos
47%
robot
46%
autre
45%
n'est
45%
cherché
44%
aucune
43%
repos
43%
venue
43%
ailes
41%
grand
40%
vécu
40%
blanches
39%
coeur
39%
entendras
38%
mon
38%
mots
38%
Remonter
38%
d'amour
36%
On
35%
nuages
34%
Il
33%
petits
33%
plus
33%
Ta
33%
moi
32%
qu'on
32%
poursuit
31%
Toi
30%
toi
30%
y
30%
accroche
29%
passions
29%
d'autres
28%
neuf
28%
rassurent
28%
voix
28%
jeu
26%
marcher
26%
prendras
26%
verras
26%
d'aventure
25%
jure
24%
tes
24%
penser
21%
amoureux
18%
Autant
18%
croire
16%
notre
16%
tourne
16%
viens
15%
Sans
14%
chambre
13%
déjà
13%
histoire
13%
rond
13%
salon
13%
s'était
11%
silence
11%
souffrance
9%
t'y
9%
crois
8%
promène
8%
murmure
7%
blessures
6%
t'assure
6%
entendre
5%
viendra
5%
attendre
4%
disait
4%
guérira
4%
vielle
3%
Aucun quiz correspondant
Distribution des résultats
% des personnes avec chaque résultat
Percentile par nombre de réponses
Votre historique - résultats
Vous n’avez pas pris ce quiz